LEADER 01921nam2 2200457 450 001 000004105 005 20180208101140.0 010 $a88-215-2180-X 100 $a20070904d19881995km-y0itay0103----ba 101 0 $aita 102 $aIT 200 1 $a<> Chiesa nell'età dell'assolutismo confessionale$edal concilio di Trento alla pace di Westfalia, 1563-1648$fa cura di Luigi Mezzadri 210 $aCinisello Balsamo$cEdizioni Paoline$c<> San Paolo$d1988, 1995 215 $a607 p., 32 p. di tav.$cill.$d25 cm. 461 1$1001000004058$12001$aStoria della Chiesa$v18.2 606 $aChiesa$xStoria 676 $a282.09$v(22. ed.)$9Chiesa cattolica. Storia, geografia, persone 702 1$aMezzadri,$bLuigi 801 0$aIT$bUniversità della Basilicata - B.I.A.$gREICAT$2unimarc 912 $a000004105 996 $aChiesa nell'et? dell'assolutismo confessionale$973803 997 $aUNIBAS BAS $aLETTERE CAT $aDILEO$b20$c20000208$lBAS01$h0902 CAT $c20000913$lBAS01$h1426 CAT $c20000920$lBAS01$h1832 CAT $c20001010$lBAS01$h1635 CAT $c20050601$lBAS01$h1753 CAT $abatch$b01$c20050718$lBAS01$h1048 CAT $c20050718$lBAS01$h1107 CAT $c20050718$lBAS01$h1137 CAT $c20050718$lBAS01$h1151 CAT $aBATCH$b00$c20070503$lBAS01$h1731 CAT $aATR$b20$c20070904$lBAS01$h1543 CAT $aMDL$b30$c20180202$lBAS01$h1343 CAT $aMDL$b30$c20180208$lBAS01$h1011 CAT $aBATCH$b00$c20180801$lBAS01$h1239 FMT Z30 -1$lBAS01$LBAS01$mBOOK$1BASA1$APolo Storico-Umanistico$2DSLA$BCollezione DiSSLA$3SL/D4606.1 - A 19 SC$9PSU.282.09 sto18.2 1$64606.1$5D4606.1$820000214$f98$FConsultazione$hVol. 18/2 Z30 -1$lBAS01$LBAS01$mBOOK$1BASA4$APolo di Matera$2GEN$BCollezione generale$3MSR/115737$6115737$5L115737$820180208$f98$FConsultazione$hVol. 18/2: 3. ed, 1995 all $aall $n0008652 LEADER 03227oam 2200745 a 450 001 9911007369603321 005 20221206100516.0 010 $a1-62198-556-3 035 $a(CKB)1000000000703416 035 $a(CtWfDGI)bkb00015626 035 $a(SSID)ssj0000379933 035 $a(PQKBManifestationID)12127086 035 $a(PQKBTitleCode)TC0000379933 035 $a(PQKBWorkID)10373499 035 $a(PQKB)11549131 035 $a(iGPub)INDUSTRIALB0000025 035 $a(EXLCZ)991000000000703416 100 $a20070207d2006 uy 0 101 0 $aeng 135 $aurzn|||||| 181 $ctxt 182 $cc 183 $acr 200 10$aAppraising management performance $ethe bubble management approach /$fEugene C. Moncrief, Kevin M. Curran 210 $aNew York $cIndustrial Press$dc2006 215 $a293 p 300 $aTitle from title screen. 300 $aIncludes index. 311 08$a0-8311-3279-5 327 $aAppraising management performance: The bubble management approach -- About the Authors -- Table of Contents -- Index of Case Studies -- Preface -- List of Figures -- Notes -- Table of Contents -- 1. Why Appraising Management Performance Needs a New Approach -- 2. Setting Goals -- 3. Monitoring Goals -- 4. Overview of Value- Based Risk Management* -- 5. The Bubble Management Approach -- 6. Applying The Bubble Management Approach to Production Companies -- 7. Applying Bubble Management Approach to Service Companies -- 8. Applying Bubble Management Approach to Not-For-Profit Organizations -- 9. Getting Your Organization Goals-Oriented -- Appendix Glossary of Financial Terms -- Appendix A: Glossary of Financial Terms -- Index 330 3 $a This is the only reference of its kind that addresses the use of probability theory to quantify the management appraisal process. Using Value-Based Risk Management (VBRM), it illustrates how management executives set quantitative goals and monitor the goals using tactical plans and unique control charts. 531 $aAPPRAISING MANAGEMENT PERFORMANCE 606 $aExecutives$xRating of 606 $aManagement by objectives 606 $aProbabilities 606 $aRisk management 606 $aExecutives$xRating of 606 $aManagement by objectives 606 $aProbabilities 606 $aRisk management 606 $aManagement Styles & Communication$2HILCC 606 $aManagement$2HILCC 606 $aBusiness & Economics$2HILCC 608 $aElectronic books.$2lcsh 615 0$aExecutives$xRating of. 615 0$aManagement by objectives. 615 0$aProbabilities. 615 0$aRisk management. 615 0$aExecutives$xRating of. 615 0$aManagement by objectives. 615 0$aProbabilities. 615 0$aRisk management. 615 7$aManagement Styles & Communication 615 7$aManagement 615 7$aBusiness & Economics 676 $a658.4/07125 700 $aMoncrief$b Eugene C$01823210 702 $aCurran$b Kevin M$4aut 712 02$aBooks24x7, Inc. 801 0$bCtWfDGI 801 1$bCtWfDGI 906 $aBOOK 912 $a9911007369603321 996 $aAppraising management performance$94389764 997 $aUNINA